000 00846nam a2200253Ia 4500
999 _c44305
_d44305
001 11063
003 GE_BSU
005 20221117113022.0
008 181216s2013en xx |||||||||||||| ||eng||
020 _a9780807754047 x
040 _cGE_BSU
041 _aeng
080 _a37+30 S 44
100 _aSeidman,Irving.
_915882
245 _aInterviewing as Qualitative Research.
_bA guide For Researchers in education and the social sciences /
_cIrving Seidman.
250 _a4th ed.
264 _aNew York :
_bTeachers College Press,
_c2013.
300 _a178 p.:
_b23 cm.
541 _h60Gel.
653 _aInterviewing as Qualitative Research.
653 _aინტერვიუ, როგორც თვისებრივი კვლევა.
653 _aტემპუსის პროექტით
942 _cBK
_2udc